Geografia per immagini - O - Statistics

Statistiche generali
  • Questo quiz è stato fatto 2.024 volte
  • Il punteggio medio è 8 su 18
Statistiche sulle risposte
con Immagini Hint Risposta % Corretto
capitale Oslo
85%
tratto di mare Canale d'{Otranto}
76%
luogo Oasi
75%
stato degli USA Ohio
74%
città Orlando
64%
città inglese Oxford
64%
paese Oman
62%
città Osaka
57%
città Odessa
47%
lago (in rosso) Ontario
42%
città Orvieto
41%
regione Occitania
37%
arcipelago (in rosso) Orcadi
25%
fiume asiatico Ob
23%
stato Oaxaca
17%
ponte di {Øresund}
16%
edificio {One} {World} {Trade} {Center}
15%
isola Oahu
8%
Nessun quiz corrispondente trovato
Distribuzione punteggi
Percentuale di utenti per punteggio
Percentile per numero di risposta
I tuoi punteggi nel tempo
Non hai fatto questo quiz